| 000 | 00755cab a2200229 4500 | ||
|---|---|---|---|
| 001 | WB3016-03 | ||
| 008 | 090401t1994 xxu||||| |||| 00| 0 eng d | ||
| 035 | _a(Sirsi) u36793 | ||
| 041 | _aeng | ||
| 245 | _aCashflow crisis | ||
| 260 | _c1994 | ||
| 350 | _a0 | ||
| 490 |
_aNew Builder _v(213) 22 April 1994, 3(1) |
||
| 520 | _aChanging payment structures evolved during the recession are moving contracting from cash positive to cash negative, striking at the industry`s commercial viability, according to an analysis of the top firms 1993 trading results. | ||
| 650 | _aCASHFLOW | ||
| 650 | _aCONSTRUCTION COMPANIES | ||
| 650 | _aMARGINS | ||
| 650 | _aPAYMENT STRUCTURES | ||
| 690 | _aBUILT ENVIRONMENT | ||
| 942 | _n0 | ||
| 948 | _c04/03/1997 | ||
| 999 |
_c23809 _d23809 |
||